[Event "Baden-Baden op"]
[Site "Baden-Baden"]
[Date "2024.02.13"]
[Round "8"]
[White "Syrov, Arkadi"]
[Black "Huber, Benedikt Thomas"]
[Result "1-0"]
[WhiteElo "2212"]
[BlackElo "2077"]
[PlyCount "103"]
[EventDate "2024.02.09"]
[EventType "swiss"]
[EventRounds "9"]
[EventCountry "GER"]
[SourceTitle "CB08_2024"]
[SourceDate "2024.02.21"]
[SourceVersion "1"]
[SourceVersionDate "2024.02.21"]
[SourceQuality "1"]

1. Nf3 Nf6 2. g3 d6 3. d4 Nbd7 4. c4 g6 5. Bg2 Bg7 6. 0-0 0-0 7. Nc3 e5 8. h3 exd4 9. Nxd4 Re8 10. e4 Nc5 11. Re1 a5 12. Kh2 Bd7 13. Rb1 Re7 14. Bf4 Qe8 15. Bg5 Bc6 16. Nxc6 bxc6 17. Qc2 h6 18. Bd2 Rd8 19. Re3 Ne6 20. Ne2 a4 21. Re1 c5 22. Bc3 Nh5 23. Bxg7 Nhxg7 24. Qc3 Rb8 25. h4 Rb4 26. Bh3 Qb8 27. Rb1 Re8 28. e5 Rd8 29. h5 Nxh5 30. Bxe6 fxe6 31. g4 Ng7 32. Rh3 d5 33. Rxh6 Rxc4 34. Qh3 Rf8 35. Kg2 Kf7 36. Rh7 Qd8 37. Rh1 Qg5 38. Rxg7+ Ke8 39. Qd3 Rxg4+ 40. Ng3 c4 41. Qe3 Rgf4 42. Rhh7 Rxf2+ 43. Qxf2 Rxf2+ 44. Kxf2 Qf4+ 45. Kg2 Kf8 46. Rxc7 Kg8 47. Rcg7+ Kf8 48. Rf7+ Qxf7 49. Rxf7+ Kxf7 50. Ne2 Ke7 51. a3 Kd7 52. Nd4 1-0

[Event "Baden-Baden op"]
[Site "Baden-Baden"]
[Date "2024.02.11"]
[Round "5"]
[White "Divry, Alexandre"]
[Black "Syrov, Arkadi"]
[Result "0-1"]
[WhiteElo "1993"]
[BlackElo "2212"]
[PlyCount "58"]
[EventDate "2024.02.09"]
[EventType "swiss"]
[EventRounds "9"]
[EventCountry "GER"]
[SourceTitle "CB08_2024"]
[SourceDate "2024.02.21"]
[SourceVersion "1"]
[SourceVersionDate "2024.02.21"]
[SourceQuality "1"]

1. d4 Nf6 2. c4 e6 3. Nc3 Bb4 4. f3 c5 5. d5 0-0 6. e4 b5 7. Bd3 bxc4 8. Bxc4 Nxd5 9. Bxd5 exd5 10. Qxd5 Qh4+ 11. g3 Qf6 12. Bd2 Nc6 13. a3 Ba6 14. Kf2 Ba5 15. Bg5 Qe6 16. Nge2 Rab8 17. Na4 Bxe2 18. Kxe2 Nd4+ 19. Kf2 Qa6 20. Rhf1 Qe2+ 21. Kg1 Nxf3+ 22. Rxf3 Qxf3 23. Be7 Rfe8 24. Bd6 Rbc8 25. Rf1 Qe3+ 26. Rf2 Be1 27. Qxf7+ Kh8 28. e5 Bxf2+ 29. Qxf2 Rxe5 0-1

[Event "Staufer op 34th"]
[Site "Schwaebisch Gmuend"]
[Date "2024.01.04"]
[Round "6"]
[White "Platz, Daniel"]
[Black "Syrov, Arkadi"]
[Result "1/2-1/2"]
[WhiteElo "1984"]
[BlackElo "2219"]
[PlyCount "160"]
[EventDate "2024.01.02"]
[EventType "swiss"]
[EventRounds "9"]
[EventCountry "GER"]
[SourceTitle "CB02_2024"]
[SourceDate "2024.01.10"]
[SourceVersion "1"]
[SourceVersionDate "2024.01.10"]
[SourceQuality "1"]

1. e4 e5 2. Nf3 Nc6 3. Bc4 Nf6 4. d3 Bc5 5. c3 a5 6. a4 d6 7. 0-0 0-0 8. h3 h6 9. Re1 Re8 10. Na3 Bb6 11. Bb3 Be6 12. Nc4 Ba7 13. Be3 Ne7 14. Bxa7 Rxa7 15. d4 Ng6 16. dxe5 dxe5 17. Qxd8 Rxd8 18. Ncd2 Bd7 19. Nc4 Re8 20. Rad1 Bc6 21. Nfd2 Nd7 22. Bc2 Nc5 23. b3 Raa8 24. Nf1 Nf4 25. h4 f6 26. g3 Nfe6 27. f3 Red8 28. Rxd8+ Nxd8 29. Rd1 b6 30. Nfe3 Nf7 31. Nd5 Bxd5 32. Rxd5 Rd8 33. Rxd8+ Nxd8 34. Kf2 Kf7 35. Ke2 Nc6 36. Ne3 Ne7 37. Kd2 Ke6 38. b4 Nb7 39. Bb3+ Kd7 40. Nc2 Nd6 41. Ne3 Nb7 42. Nc2 c5 43. Bc4 Nd6 44. Be2 f5 45. Ke3 Ke6 46. b5 Ng6 47. exf5+ Nxf5+ 48. Kf2 Nd6 49. Ne3 Ne7 50. Bd1 h5 51. Bb3+ Kf6 52. Nc4 Nxc4 53. Bxc4 Nf5 54. Bd5 g5 55. hxg5+ Kxg5 56. Bf7 h4 57. gxh4+ Nxh4 58. Bd5 Nf5 59. Be6 Ng7 60. Bd5 Kf4 61. Ke2 Nf5 62. Kd3 Nd6 63. Ke2 e4 64. fxe4 Nxe4 65. Kd3 Nf2+ 66. Kc2 Ke3 67. Bf7 Nd3 68. Bg6 Ne5 69. Bh7 Ke2 70. Be4 Ke3 71. Bh7 Nf3 72. Bg6 Ne1+ 73. Kd1 Ng2 74. Kc2 Nh4 75. Bh7 Nf3 76. Bg6 Kf4 77. Bh7 Ne5 78. Bg8 Ke4 79. Bh7+ Ke3 80. Bg8 Nd3 1/2-1/2

[Event "Staufer op 34th"]
[Site "Schwaebisch Gmuend"]
[Date "2024.01.04"]
[Round "5"]
[White "Syrov, Arkadi"]
[Black "Reimann, Sebastian"]
[Result "0-1"]
[WhiteElo "2219"]
[BlackElo "2369"]
[PlyCount "94"]
[EventDate "2024.01.02"]
[EventType "swiss"]
[EventRounds "9"]
[EventCountry "GER"]
[SourceTitle "CB02_2024"]
[SourceDate "2024.01.10"]
[SourceVersion "1"]
[SourceVersionDate "2024.01.10"]
[SourceQuality "1"]

1. Nf3 d5 2. g3 Nf6 3. Bg2 Bf5 4. 0-0 c6 5. c4 e6 6. Qb3 Qb6 7. d3 Nbd7 8. Be3 Qxb3 9. axb3 a6 10. Nh4 Bg6 11. Nc3 Be7 12. h3 0-0 13. f4 Rfe8 14. Bf2 Nc5 15. b4 Nb3 16. Nxg6 hxg6 17. Rad1 Bxb4 18. e4 dxe4 19. dxe4 e5 20. Na4 exf4 21. Rd3 Nd2 22. Rc1 Ndxe4 23. gxf4 Rad8 24. Rcd1 Rxd3 25. Rxd3 b5 26. cxb5 cxb5 27. Nc3 Nxf2 28. Kxf2 Bxc3 29. Rxc3 Ne4+ 30. Bxe4 Rxe4 31. Kf3 Rb4 32. b3 Kh7 33. Kg4 f6 34. h4 a5 35. Kg3 Kh6 36. Rd3 a4 37. bxa4 bxa4 38. Rd5 Rb3+ 39. Kg2 a3 40. Ra5 f5 41. Ra7 Rb2+ 42. Kf3 a2 43. Ra8 Rb3+ 44. Kg2 Kh5 45. Rxa2 Kxh4 46. Ra6 g5 47. Rg6 gxf4 0-1

[Event "Oberliga Sued W 1920"]
[Site "Germany"]
[Date "2020.02.09"]
[Round "6.1"]
[White "Bruehl, Andreas"]
[Black "Syrov, Arkadi"]
[Result "1-0"]
[WhiteElo "2348"]
[BlackElo "2352"]
[PlyCount "61"]
[EventDate "2019.09.29"]
[EventType "team-tourn"]
[EventRounds "9"]
[EventCountry "GER"]
[SourceTitle "EXT 2021"]
[Source "ChessBase"]
[SourceDate "2020.10.23"]
[SourceVersion "1"]
[SourceVersionDate "2020.10.23"]
[SourceQuality "1"]

1. d4 Nf6 2. c4 g6 3. f3 Bg7 4. e4 d6 5. Nc3 0-0 6. Be3 c5 7. Nge2 Nc6 8. d5 Ne5 9. Ng3 h5 10. Be2 h4 11. Nf1 e6 12. Nd2 exd5 13. cxd5 a6 14. a4 Re8 15. a5 Nh7 16. Na4 Qxa5 17. Nxc5 Qb4 18. Na4 Ng4 19. Bg1 b5 20. Nb6 Bd4 21. Nxa8 Bxg1 22. fxg4 Qc5 23. Nf3 Bxg4 24. Nxg1 Nf6 25. Rc1 Qe3 26. Qd2 Qxe4 27. Nc7 Re7 28. Nf3 h3 29. 0-0 hxg2 30. Rf2 Nh5 31. Ng5 1-0

[Event "Oberliga Sued W 1920"]
[Site "Germany"]
[Date "2019.11.24"]
[Round "3.1"]
[White "Syrov, Arkadi"]
[Black "Ovsejevitsch, Sergei"]
[Result "0-1"]
[WhiteElo "2352"]
[BlackElo "2598"]
[PlyCount "106"]
[EventDate "2019.09.29"]
[EventType "team-tourn"]
[EventRounds "9"]
[EventCountry "GER"]
[SourceTitle "EXT 2021"]
[Source "ChessBase"]
[SourceDate "2020.10.23"]
[SourceVersion "1"]
[SourceVersionDate "2020.10.23"]
[SourceQuality "1"]

1. e4 e5 2. Nf3 Nc6 3. Bb5 Nf6 4. 0-0 Nxe4 5. Re1 Nd6 6. Nxe5 Be7 7. Bf1 0-0 8. Nf3 Ne8 9. d4 d5 10. c3 Bd6 11. Bd3 Ne7 12. Nh4 g6 13. Bh6 Ng7 14. Na3 c6 15. Nc2 Kh8 16. Qd2 Ng8 17. Bg5 Qc7 18. g3 Bh3 19. Ne3 Ne6 20. Neg2 Nxg5 21. Qxg5 Qd8 22. Qd2 Qf6 23. Re3 Rae8 24. Rae1 Rxe3 25. Qxe3 Bg4 26. Qd2 Bd7 27. Ne3 Re8 28. Nc2 Rxe1+ 29. Nxe1 Kg7 30. Qe3 Qe7 31. Nc2 Qxe3 32. Nxe3 Ne7 33. Kg2 b6 34. a4 c5 35. Bb5 Bc8 36. Bd3 cxd4 37. cxd4 Nc6 38. Nc2 Na5 39. Kf3 Nc4 40. Bxc4 dxc4 41. Ke4 Bb7+ 42. d5 f5+ 43. Kd4 Bc5+ 44. Ke5 Bxf2 45. Nf3 Kf7 46. Na3 Ba6 47. Nb5 Ke7 48. Nxa7 Kd7 49. Nc6 Bb7 50. Ncd4 Be3 51. Ne2 Bh6 52. Kd4 Bg7+ 53. Kxc4 Ba6+ 0-1

[Event "Oberliga Sued W 1920"]
[Site "Germany"]
[Date "2019.10.20"]
[Round "2.1"]
[White "Mayer, Frank"]
[Black "Syrov, Arkadi"]
[Result "0-1"]
[WhiteElo "2315"]
[BlackElo "2352"]
[PlyCount "76"]
[EventDate "2019.09.29"]
[EventType "team-tourn"]
[EventRounds "9"]
[EventCountry "GER"]
[SourceTitle "EXT 2021"]
[Source "ChessBase"]
[SourceDate "2020.10.23"]
[SourceVersion "1"]
[SourceVersionDate "2020.10.23"]
[SourceQuality "1"]

1. Nf3 Nf6 2. g3 g6 3. Bg2 Bg7 4. 0-0 0-0 5. c4 c5 6. d4 d6 7. Nc3 Nc6 8. e3 Bg4 9. h3 Bxf3 10. Bxf3 Nd7 11. Bxc6 bxc6 12. Qd3 Qc8 13. Kg2 Qa6 14. Rd1 Rfd8 15. b3 Rab8 16. Bb2 Qb7 17. Rab1 cxd4 18. exd4 d5 19. cxd5 cxd5 20. Na4 e5 21. Rbc1 e4 22. Qd2 Nb6 23. Nc5 Qe7 24. Na6 Rbc8 25. Rxc8 Rxc8 26. Rc1 Qf6 27. Rxc8+ Nxc8 28. Nc7 Qf3+ 29. Kg1 Ne7 30. Qc3 Qd1+ 31. Kg2 Bh6 32. Ba3 Bd2 33. Qc5 Be1 34. Qd6 Qf3+ 35. Kh2 Qxf2+ 36. Kh1 Qf1+ 37. Kh2 Bxg3+ 38. Qxg3 Nf5 0-1

[Event "Oberliga Sued W 1920"]
[Site "Germany"]
[Date "2019.09.29"]
[Round "1.1"]
[White "Syrov, Arkadi"]
[Black "Vypkhaniuk, Igor"]
[Result "1-0"]
[WhiteElo "2352"]
[BlackElo "2407"]
[PlyCount "103"]
[EventDate "2019.09.29"]
[EventType "team-tourn"]
[EventRounds "9"]
[EventCountry "GER"]
[SourceTitle "EXT 2021"]
[Source "ChessBase"]
[SourceDate "2020.10.23"]
[SourceVersion "1"]
[SourceVersionDate "2020.10.23"]
[SourceQuality "1"]

1. e4 c5 2. Nf3 Nc6 3. d4 cxd4 4. Nxd4 e5 5. Nb5 d6 6. c4 Be7 7. N1c3 a6 8. Na3 Be6 9. Nd5 Nf6 10. Bd3 0-0 11. 0-0 Nd7 12. Nxe7+ Qxe7 13. Nc2 Rfc8 14. Ne3 Nc5 15. Nd5 Bxd5 16. cxd5 Nxd3 17. Qxd3 Nb4 18. Qd1 Rc4 19. b3 Rd4 20. Qe2 Rc8 21. a3 Nd3 22. Be3 Nf4 23. Qg4 f5 24. Qxf5 Rf8 25. Qg4 Rxe4 26. g3 h5 27. Qd1 Nh3+ 28. Kg2 Ng5 29. Qxh5 Nh7 30. Qg6 Nf6 31. h3 Qd7 32. Rac1 Rc8 33. Rxc8+ Qxc8 34. Rc1 Qe8 35. Qxe8+ Nxe8 36. Rc8 Kf7 37. Kf3 Nf6 38. Rc7+ Kf8 39. Rxb7 a5 40. g4 a4 41. g5 axb3 42. gxf6 Ra4 43. fxg7+ Kg8 44. Rxb3 Kxg7 45. Kg3 Ra5 46. Rd3 Kf6 47. Bd2 Ra6 48. Rf3+ Kg6 49. Bb4 e4 50. Rf4 Ra8 51. Bxd6 Rd8 52. Rxe4 1-0

[Event "Pfalz op 10th"]
[Site "Neustadt an der Weinstrasse"]
[Date "2019.03.04"]
[Round "6"]
[White "Syrov, Arkadi"]
[Black "Schulze, Lara"]
[Result "1-0"]
[WhiteElo "2303"]
[BlackElo "2215"]
[PlyCount "87"]
[EventDate "2019.03.01"]
[EventType "swiss"]
[EventRounds "9"]
[EventCountry "GER"]
[SourceTitle "CBM 189 Extra"]
[Source "ChessBase"]
[SourceDate "2019.06.03"]
[SourceVersion "1"]
[SourceVersionDate "2019.06.03"]
[SourceQuality "1"]

1. e4 c5 2. Nf3 d6 3. d4 cxd4 4. Nxd4 Nf6 5. Nc3 Nc6 6. Bg5 e6 7. Qd2 a6 8. 0-0-0 Bd7 9. f4 b5 10. Bxf6 gxf6 11. Kb1 Qb6 12. Nxc6 Bxc6 13. f5 Qc5 14. Bd3 h5 15. fxe6 fxe6 16. Qe1 Qe5 17. Nd5 Bxd5 18. exd5 Qxe1 19. Rhxe1 e5 20. Bf5 Rg8 21. g3 Rg5 22. Rf1 Be7 23. Rd3 Bd8 24. Rc3 Ke7 25. Rc6 a5 26. a3 Rb8 27. b4 axb4 28. axb4 Rb7 29. c3 Bb6 30. Kc2 Rg8 31. Ra1 h4 32. Bc8 Rc7 33. Rxc7+ Bxc7 34. Be6 Rg5 35. Ra7 Kd8 36. Ra8+ Ke7 37. g4 Bb6 38. Rh8 Bf2 39. Rh7+ Ke8 40. Kd2 e4 41. Ke2 e3 42. Bf5 Kf8 43. Rb7 Rg7 44. Rb8+ 1-0

[Event "Oberliga Sued W 1819"]
[Site "Germany"]
[Date "2018.10.21"]
[Round "1.1"]
[White "Winterberg, Lukas"]
[Black "Syrov, Arkadi"]
[Result "1-0"]
[WhiteElo "2373"]
[BlackElo "2260"]
[PlyCount "65"]
[EventDate "2018.10.21"]
[EventType "team-tourn"]
[EventRounds "9"]
[EventCountry "GER"]
[SourceTitle "EXT 2020"]
[Source "ChessBase"]
[SourceDate "2019.10.17"]
[SourceVersion "1"]
[SourceVersionDate "2019.10.17"]
[SourceQuality "1"]
[WhiteTeam "Heimbach Weis/Neuwied"]
[BlackTeam "Frankenthal"]
[WhiteTeamCountry "GER"]
[BlackTeamCountry "GER"]

1. d4 Nf6 2. c4 e6 3. Nf3 d5 4. Nc3 c5 5. cxd5 Nxd5 6. e4 Nxc3 7. bxc3 cxd4 8. cxd4 Bb4+ 9. Bd2 Bxd2+ 10. Qxd2 0-0 11. Bb5 b6 12. 0-0 Bb7 13. Rfe1 Nd7 14. Qf4 Rc8 15. Rad1 Qf6 16. Qd6 Nb8 17. Qa3 a6 18. Bd3 b5 19. d5 Rc3 20. Qb4 Rfc8 21. a4 exd5 22. e5 Qb6 23. e6 R3c7 24. a5 Qc5 25. Bxh7+ Kxh7 26. Qh4+ Kg8 27. Ng5 Qc2 28. Rc1 Qg6 29. Rxc7 Rxc7 30. exf7+ Rxf7 31. Qh8+ Kxh8 32. Re8+ Rf8 33. Rxf8# 1-0

[Event "Rheinland Pfalz op 10th"]
[Site "Nickenich"]
[Date "2018.06.01"]
[Round "4"]
[White "Weber, Samuel"]
[Black "Syrov, Arkadi"]
[Result "1/2-1/2"]
[WhiteElo "2113"]
[BlackElo "2291"]
[PlyCount "67"]
[EventDate "2018.05.31"]
[EventType "swiss"]
[EventRounds "7"]
[EventCountry "GER"]
[SourceTitle "CBM 184 Extra"]
[Source "ChessBase"]
[SourceDate "2018.06.28"]
[SourceVersion "1"]
[SourceVersionDate "2018.06.28"]
[SourceQuality "1"]

1. Nf3 d5 2. g3 c5 3. Bg2 Nc6 4. 0-0 e5 5. d3 Be7 6. Nbd2 h5 7. e4 d4 8. Nc4 f6 9. Nh4 g5 10. Ng6 Rh6 11. Nxe7 Qxe7 12. a4 Bg4 13. f3 Be6 14. f4 gxf4 15. gxf4 Bg4 16. Bf3 Rg6 17. Kh1 0-0-0 18. f5 Rg7 19. Bd2 Kb8 20. Rg1 Qf7 21. Bxg4 hxg4 22. Rxg4 Rh7 23. Qe2 Nge7 24. Rag1 Rdh8 25. R1g2 Nc8 26. b3 N6e7 27. Qe1 Rh3 28. R4g3 R3h4 29. Qf2 b6 30. Rg4 Rh3 31. R2g3 R3h5 32. Rg2 Rh3 33. R2g3 R3h5 34. Rg2 1/2-1/2

[Event "GER-ch U25-A"]
[Site "Willingen"]
[Date "2018.05.26"]
[Round "9"]
[White "Syrov, Arkadi"]
[Black "Hartmann, Jakob"]
[Result "1/2-1/2"]
[WhiteElo "2252"]
[BlackElo "2087"]
[PlyCount "80"]
[EventDate "2018.05.19"]
[EventType "swiss"]
[EventRounds "9"]
[EventCountry "GER"]
[SourceTitle "CBM 184 Extra"]
[Source "ChessBase"]
[SourceDate "2018.06.28"]
[SourceVersion "1"]
[SourceVersionDate "2018.06.28"]
[SourceQuality "1"]

1. e4 e5 2. Nf3 Nc6 3. Bb5 a6 4. Ba4 Nf6 5. d3 b5 6. Bb3 Bc5 7. Nc3 d6 8. Nd5 h6 9. c3 0-0 10. Nxf6+ Qxf6 11. Bd5 Bd7 12. Rg1 Ne7 13. Bxa8 Rxa8 14. g4 Qe6 15. Be3 Bxe3 16. fxe3 d5 17. Nd2 Qb6 18. Qf3 d4 19. exd4 exd4 20. Qf2 dxc3 21. bxc3 Qd6 22. Qg3 Qb6 23. Rc1 Ng6 24. Rg2 Re8 25. Re2 Re6 26. h3 c5 27. Kf1 Nf4 28. Qxf4 Rf6 29. Qxf6 Qxf6+ 30. Rf2 Qd6 31. Ke2 c4 32. dxc4 bxc4 33. Rf3 h5 34. gxh5 Qh2+ 35. Rf2 Qxh3 36. Nf3 Bc6 37. Rd1 Qg4 38. Rd8+ Kh7 39. Rd4 f6 40. Ke3 Qe6 1/2-1/2

[Event "GER-ch U25-A"]
[Site "Willingen"]
[Date "2018.05.25"]
[Round "8"]
[White "Knudsen, Simon"]
[Black "Syrov, Arkadi"]
[Result "1/2-1/2"]
[WhiteElo "2122"]
[BlackElo "2252"]
[PlyCount "47"]
[EventDate "2018.05.19"]
[EventType "swiss"]
[EventRounds "9"]
[EventCountry "GER"]
[SourceTitle "CBM 184 Extra"]
[Source "ChessBase"]
[SourceDate "2018.06.28"]
[SourceVersion "1"]
[SourceVersionDate "2018.06.28"]
[SourceQuality "1"]

1. Nf3 d5 2. g3 c5 3. Bg2 Nc6 4. d4 cxd4 5. Nxd4 e5 6. Nxc6 bxc6 7. c4 Be6 8. 0-0 Nf6 9. Qa4 Qd7 10. Nc3 Rc8 11. cxd5 cxd5 12. Qxd7+ Kxd7 13. Rd1 Bc5 14. Bg5 d4 15. Na4 Be7 16. e3 h6 17. exd4 hxg5 18. dxe5+ Ke8 19. exf6 Bxf6 20. Rac1 Ke7 21. Nc3 Bxc3 22. Rxc3 Rxc3 23. bxc3 Rc8 24. Bd5 1/2-1/2

[Event "GER-ch U25-A"]
[Site "Willingen"]
[Date "2018.05.23"]
[Round "5"]
[White "Syrov, Arkadi"]
[Black "Heldt, Maximilian"]
[Result "1/2-1/2"]
[WhiteElo "2252"]
[BlackElo "2065"]
[PlyCount "116"]
[EventDate "2018.05.19"]
[EventType "swiss"]
[EventRounds "9"]
[EventCountry "GER"]
[SourceTitle "CBM 184 Extra"]
[Source "ChessBase"]
[SourceDate "2018.06.28"]
[SourceVersion "1"]
[SourceVersionDate "2018.06.28"]
[SourceQuality "1"]

1. e4 e6 2. d4 d5 3. Nc3 Nf6 4. e5 Nfd7 5. f4 c5 6. Nf3 Nc6 7. Be3 cxd4 8. Nxd4 Bc5 9. Qd2 Nxd4 10. Bxd4 Bxd4 11. Qxd4 0-0 12. 0-0-0 f6 13. exf6 Qxf6 14. g3 Nb6 15. Qxf6 Rxf6 16. a4 Bd7 17. b3 Bc6 18. Ne2 Re8 19. Nd4 e5 20. fxe5 Rxe5 21. Bd3 Nd7 22. Rhf1 Rxf1 23. Rxf1 Nc5 24. Kd2 Bd7 25. Re1 Nxd3 26. cxd3 Rxe1 27. Kxe1 Kf7 28. Kd2 Ke7 29. Nc2 Kd6 30. d4 a5 31. Ne3 g6 32. Kc3 b6 33. Kd2 b5 34. axb5 Bxb5 35. Kc3 Bd7 36. b4 axb4+ 37. Kxb4 Bc8 38. Kb5 Bd7+ 39. Kb6 Bc8 40. Nd1 Bg4 41. Nc3 Bd7 42. Nb5+ Ke6 43. Nc7+ Kd6 44. Na6 Bc8 45. Nc5 h5 46. Nd3 Bf5 47. Nf4 Be4 48. Kb7 Kd7 49. Kb8 Kc6 50. Ne6 Kb6 51. Kc8 Kb5 52. Kd7 Kc4 53. Kd6 Bf5 54. Nf4 Kxd4 55. Nxd5 Ke4 56. Nf4 Kf3 57. Ke5 Kg4 58. Kf6 h4 1/2-1/2

[Event "GER-ch U25-A"]
[Site "Willingen"]
[Date "2018.05.23"]
[Round "6"]
[White "Terhuven, Patrick"]
[Black "Syrov, Arkadi"]
[Result "0-1"]
[WhiteElo "2123"]
[BlackElo "2252"]
[PlyCount "164"]
[EventDate "2018.05.19"]
[EventType "swiss"]
[EventRounds "9"]
[EventCountry "GER"]
[SourceTitle "CBM 184 Extra"]
[Source "ChessBase"]
[SourceDate "2018.06.28"]
[SourceVersion "1"]
[SourceVersionDate "2018.06.28"]
[SourceQuality "1"]

1. d4 Nf6 2. Nf3 g6 3. c4 Bg7 4. g3 0-0 5. Bg2 d6 6. 0-0 Nc6 7. Nc3 a6 8. b3 Rb8 9. a4 Na5 10. Bb2 c5 11. d5 Bd7 12. Nd2 b5 13. axb5 axb5 14. Nxb5 Bxb5 15. cxb5 Rxb5 16. Qc2 Qb6 17. Ra3 Rb8 18. Bxf6 Bxf6 19. Nc4 Qd8 20. Nxa5 Rxa5 21. Rxa5 Qxa5 22. Be4 Qb4 23. Rb1 Kg7 24. Qc4 Qa5 25. Qc2 h5 26. h4 Qa8 27. Bf3 Rb4 28. e4 Rb7 29. Be2 Bd4 30. Bc4 Qa5 31. Kg2 Ra7 32. Rc1 Qb4 33. Rb1 Ra3 34. Rd1 Qa5 35. Qd2 Bc3 36. Qd3 Qb4 37. Rc1 Bd4 38. Qd1 Qa5 39. Rc2 Qa7 40. Rc1 Qb6 41. Rc2 Qb7 42. Rc1 e5 43. Rc2 Qa7 44. Rc1 Qd7 45. Bd3 Qb7 46. Bc4 Qc8 47. Bd3 Qd7 48. Qc2 Qd8 49. Bc4 Qf6 50. Qe2 Qe7 51. Qd1 f6 52. Bd3 Qa7 53. Bc4 Qf7 54. Qd2 f5 55. exf5 Qxf5 56. Qc2 e4 57. Qe2 Ra7 58. Rf1 Rf7 59. f3 e3 60. Qd3 Qf6 61. Qe2 Qe5 62. Rc1 Ra7 63. Kh2 Kh7 64. Kg2 Bc3 65. Qd3 Bd2 66. Rc2 Re7 67. Qe2 Ra7 68. Qd3 Kg7 69. Qe4 Qa1 70. Bd3 Qf6 71. Qf4 Qxf4 72. gxf4 Rb7 73. Rb2 Rb4 74. f5 c4 75. Be2 gxf5 76. Bd1 Kf6 77. Kf1 c3 78. Ra2 Rxh4 79. Kg2 Ke5 80. f4+ Rxf4 81. Bxh5 Rf2+ 82. Kg1 e2 0-1

[Event "GER-ch U25-A"]
[Site "Willingen"]
[Date "2018.05.20"]
[Round "1"]
[White "Syrov, Arkadi"]
[Black "Gerlach, Felix Tobias"]
[Result "1-0"]
[WhiteElo "2252"]
[BlackElo "1963"]
[PlyCount "100"]
[EventDate "2018.05.19"]
[EventType "swiss"]
[EventRounds "9"]
[EventCountry "GER"]
[SourceTitle "CBM 184 Extra"]
[Source "ChessBase"]
[SourceDate "2018.06.28"]
[SourceVersion "1"]
[SourceVersionDate "2018.06.28"]
[SourceQuality "1"]

1. e4 e5 2. Nf3 Nc6 3. Bb5 a6 4. Ba4 Nf6 5. d3 b5 6. Bb3 Be7 7. Nc3 d6 8. a3 0-0 9. 0-0 Na5 10. Ba2 Be6 11. Bxe6 fxe6 12. b4 Nc6 13. Bd2 Qe8 14. Ne2 Nh5 15. a4 Qg6 16. Ng3 Nf4 17. d4 Bf6 18. Ra3 h5 19. d5 exd5 20. Bxf4 exf4 21. Qxd5+ Qf7 22. Qxc6 fxg3 23. hxg3 Qc4 24. Qd5+ Qxd5 25. exd5 bxa4 26. Re1 Rfb8 27. Rxa4 Rb6 28. Re4 c6 29. dxc6 Rxc6 30. b5 Rxc2 31. Reb4 Rcc8 32. bxa6 Kf7 33. Rb7+ Ke6 34. a7 Kd5 35. Rb5+ Kc6 36. Rxh5 d5 37. g4 Kb5 38. Ra2 Rc1+ 39. Kh2 Kc4 40. Ra5 Rd1 41. g3 Bc3 42. Ra6 Kb3 43. Rf5 Kc2 44. Rf7 Ra1 45. Rxa1 Bxa1 46. Rd7 d4 47. Nxd4+ Bxd4 48. Rxd4 Rxa7 49. f4 Kc3 50. Rd8 Re7 1-0

[Event "Pfalz-ch MT-A 87th"]
[Site "Landau"]
[Date "2018.03.30"]
[Round "7"]
[White "Mueller, Markus"]
[Black "Syrov, Arkadi"]
[Result "1/2-1/2"]
[WhiteElo "2107"]
[BlackElo "2262"]
[PlyCount "104"]
[EventDate "2018.03.23"]
[EventType "tourn"]
[EventRounds "9"]
[EventCountry "GER"]
[SourceTitle "EXT 2019"]
[Source "ChessBase"]
[SourceDate "2018.10.10"]
[SourceVersion "1"]
[SourceVersionDate "2018.10.10"]
[SourceQuality "1"]

1. e4 e5 2. Nf3 Nc6 3. Bc4 Bc5 4. d4 exd4 5. Ng5 Nh6 6. Nxf7 Nxf7 7. Bxf7+ Kxf7 8. Qh5+ g6 9. Qxc5 d5 10. 0-0 dxe4 11. c3 Qd6 12. Qxd6 cxd6 13. cxd4 Nxd4 14. Nc3 Bf5 15. Bf4 Rac8 16. Rad1 Rxc3 17. Rxd4 Rd3 18. Rxd6 Ke7 19. Rd1 Rc8 20. R6xd3 exd3 21. g4 Bxg4 22. Rxd3 Kf6 23. Be3 Be2 24. Rc3 Rd8 25. Kg2 g5 26. Rc5 h6 27. Kg3 Rd1 28. Rc1 Rd3 29. Rc2 Bd1 30. Rd2 Rxd2 31. Bxd2 Kf5 32. h4 gxh4+ 33. Kxh4 h5 34. a4 Bxa4 35. Kxh5 Bb3 36. Be3 a5 37. Bb6 a4 38. Kh6 Ke4 39. Kg7 Kd3 40. Kf6 Kc2 41. Bd4 b5 42. Ke5 Bg8 43. Kd6 b4 44. Kc5 a3 45. bxa3 bxa3 46. Kb4 a2 47. f4 Kb1 48. f5 a1B 49. Bc3 Bh7 50. f6 Bg8 51. f7 Bxf7 52. Bxa1 Kxa1 1/2-1/2

[Event "Pfalz op-A 9th"]
[Site "Neustadt an der Weinstrasse"]
[Date "2018.02.12"]
[Round "7"]
[White "Syrov, Arkadi"]
[Black "Sadzikowski, Daniel"]
[Result "0-1"]
[WhiteElo "2264"]
[BlackElo "2584"]
[PlyCount "82"]
[EventDate "2018.02.09"]
[EventType "swiss"]
[EventRounds "9"]
[EventCountry "GER"]
[SourceTitle "CBM 182 Extra"]
[Source "ChessBase"]
[SourceDate "2018.02.23"]
[SourceVersion "1"]
[SourceVersionDate "2018.02.23"]
[SourceQuality "1"]

1. e4 c5 2. Nf3 d6 3. d4 cxd4 4. Nxd4 Nf6 5. Nc3 a6 6. Be2 e6 7. 0-0 Be7 8. Qd3 Nc6 9. Rd1 Nxd4 10. Qxd4 Qc7 11. Bg5 Bd7 12. Bxf6 gxf6 13. a4 Qc5 14. Qxc5 dxc5 15. Bh5 Rd8 16. Rd2 Bc6 17. Rad1 Rxd2 18. Rxd2 Bd8 19. Re2 Bc7 20. b3 Be5 21. Nd5 Kf8 22. Ne3 Rg8 23. Nc4 Bc7 24. Bf3 Kg7 25. g3 b5 26. axb5 axb5 27. Nb2 Ra8 28. Kg2 Kf8 29. Nd3 c4 30. bxc4 bxc4 31. Ne1 Be5 32. Kh3 Ra3 33. Bg2 Ba4 34. Nf3 Rc3 35. Ne1 Ra3 36. Bf1 Ra1 37. Kg2 Rc1 38. Nf3 Bxc2 39. Re3 c3 40. Bd3 Bb3 41. Re2 Ke7 0-1

[Event "GER-chT U20"]
[Site "Duesseldorf"]
[Date "2017.12.27"]
[Round "1.1"]
[White "Syrov, Arkadi"]
[Black "Hartge, Gedeon"]
[Result "1-0"]
[WhiteElo "2279"]
[BlackElo "2140"]
[PlyCount "75"]
[EventDate "2017.12.27"]
[EventType "team-swiss"]
[EventRounds "7"]
[EventCountry "GER"]
[SourceTitle "CBM 182 Extra"]
[Source "ChessBase"]
[SourceDate "2018.02.23"]
[SourceVersion "1"]
[SourceVersionDate "2018.02.23"]
[SourceQuality "1"]
[WhiteTeam "Frankenthal U20"]
[BlackTeam "Halle USV U20"]
[WhiteTeamCountry "GER"]
[BlackTeamCountry "GER"]

1. e4 c5 2. Nf3 e6 3. g3 Nc6 4. Bg2 d5 5. exd5 exd5 6. d4 Nf6 7. 0-0 Be7 8. dxc5 Bxc5 9. Re1+ Ne4 10. Be3 Bxe3 11. Rxe3 0-0 12. Nbd2 Qb6 13. Nb3 Nf6 14. Nfd4 a5 15. a4 Bd7 16. Nxc6 bxc6 17. Rc3 Rfc8 18. Rc5 Bf5 19. Qd2 Be4 20. Rxa5 Rxa5 21. Qxa5 Qxa5 22. Nxa5 Bxc2 23. Nb7 d4 24. a5 d3 25. Nd6 Rd8 26. Nc4 Bb3 27. Nd2 Bd5 28. a6 Bxg2 29. Kxg2 Nd5 30. a7 Ra8 31. Nc4 d2 32. Nxd2 Nc7 33. Rc1 Rxa7 34. Rxc6 Rb7 35. Nc4 Kf8 36. Nd6 Ra7 37. b4 Ne6 38. b5 1-0